| 000 | 00698nam a2200217Ia 4500 | ||
|---|---|---|---|
| 003 | PILC | ||
| 005 | 20160603143558.0 | ||
| 008 | 140321s9999 xx 000 0 und d | ||
| 020 | _a9719216000x | ||
| 050 |
_aG 155.5 _b.C591 2013 |
||
| 100 | _aClaravall, Bienvenido G. | ||
| 245 |
_aTravel and tour operations in the Philippines / _cBienvenido G. Claravall. |
||
| 250 | _a3rd edition. | ||
| 260 |
_aManila : _bAccumicro IT Solutions, _c2013. |
||
| 300 |
_a520 pages : _c23 cm. _billustrations ; |
||
| 500 | _aIncludes index. | ||
| 650 |
_aTourist trade _xVocational guidance. |
||
| 650 |
_aTravel Agents _xPhilippines --Study and Teaching (Higher). |
||
| 942 |
_kLOC _cBK _2lcc |
||
| 999 |
_c48363 _d48363 |
||